000 00987nam a2200265Ia 4500
003 OSt
005 20221005111927.0
006 a|||||r|||| 00| 0
007 ta
008 221004b |||||||| |||| 00| 0 hin d
024 _a32833
037 _cTextual
040 _aCRL
_cCRL
_bhin
041 _2hin
_ahin
082 _aO15,1D40x, 152M0
100 _aचतुर्वेदी, सीताराम
245 0 _aकालिदास-ग्रन्थावली
246 _aKālidāsa-granthāvalī
260 _aवाराणसी
_bचौखम्बा सुरभारती प्रकाशन भारत
_c1980
300 _a1050पृ.
_ccm.
490 _aचौखम्बा सुरभारती ग्रन्थमाला; 55
650 _aसंस्कृत साहित्य
942 _hO15,1D40x, 152M0
_cTEXL
_2cc
999 _c1023330
_d1023330